000 00467nam a22001817a 4500
003 NUST - PNEC
005 20170116180820.0
008 150617b xxu||||| |||| 00| 0 eng d
020 _a-
040 _cLIBRARY
082 _a512 AYR
100 _94075
_aAyres frank
245 _aTheory and problems of matrices
_cFrank ayres
260 _aSingapore
_bMcgraw Hill book company
_cc1986.
300 _a218 p. :
650 _94079
_aMathematics
_xME
942 _2ddc
_cBK
999 _c63713
_d63713